<?xml version="1.0" encoding="UTF-8"?>
<record
    xmlns:xsi="http://www.w3.org/2001/XMLSchema-instance"
    xsi:schemaLocation="http://www.loc.gov/MARC21/slim http://www.loc.gov/standards/marcxml/schema/MARC21slim.xsd"
    xmlns="http://www.loc.gov/MARC21/slim">

  <leader>00959nam a2200205 i 4500</leader>
  <controlfield tag="001">140116</controlfield>
  <controlfield tag="003">ES-MaACL</controlfield>
  <controlfield tag="005">20250416222539.0</controlfield>
  <controlfield tag="007">t|</controlfield>
  <controlfield tag="008">070214s1948    sp      r    ||||1| spa d</controlfield>
  <datafield tag="100" ind1="1" ind2=" ">
    <subfield code="a">Sed&#xF3; Peris-Mencheta, Juan (</subfield>
    <subfield code="d">1908-1966)</subfield>
    <subfield code="9">105075</subfield>
  </datafield>
  <datafield tag="245" ind1="1" ind2="0">
    <subfield code="a">Contribuci&#xF3;n a la Historia del coleccionismo cervantino y caballeresco</subfield>
    <subfield code="b">: discurso leido el d&#xED;a 14 de marzo de 1948 en la recepci&#xF3;n p&#xFA;blica [en la Real Academia de Buenas Letras] de D. Juan Sed&#xF3; Peris-Mencheta, y la contestaci&#xF3;n del acad&#xE9;mico numerario D. Mart&#xED;n de Riquer.</subfield>
  </datafield>
  <datafield tag="260" ind1=" " ind2=" ">
    <subfield code="a">Barcelona : </subfield>
    <subfield code="b">Horta de I. y E., </subfield>
    <subfield code="c">1948 (</subfield>
    <subfield code="f">Imp. de la Casa Provincial de Caridad)</subfield>
  </datafield>
  <datafield tag="300" ind1=" " ind2=" ">
    <subfield code="a">32 p. ; </subfield>
    <subfield code="c">26 cm.</subfield>
  </datafield>
  <datafield tag="600" ind1="1" ind2="4">
    <subfield code="a">Cervantes Saavedra, Miguel de,</subfield>
    <subfield code="d">1547-1616</subfield>
    <subfield code="9">226514</subfield>
  </datafield>
  <datafield tag="700" ind1="1" ind2=" ">
    <subfield code="a">Riquer, Mart&#xED;n de, </subfield>
    <subfield code="d">1914-2013</subfield>
    <subfield code="9">240061</subfield>
  </datafield>
  <datafield tag="710" ind1="2" ind2=" ">
    <subfield code="a">Reial Acad&#xE8;mia de Bones Lletres de Barcelona.</subfield>
    <subfield code="9">176228</subfield>
  </datafield>
  <datafield tag="852" ind1=" " ind2=" ">
    <subfield code="a">ES-MaACL</subfield>
    <subfield code="j">2043-F-24 </subfield>
    <subfield code="b">R.5617134481</subfield>
  </datafield>
  <datafield tag="999" ind1=" " ind2=" ">
    <subfield code="c">140116</subfield>
    <subfield code="d">140116</subfield>
  </datafield>
  <datafield tag="952" ind1=" " ind2=" ">
    <subfield code="0">0</subfield>
    <subfield code="1">0</subfield>
    <subfield code="4">0</subfield>
    <subfield code="7">0</subfield>
    <subfield code="8">Colecci&#xF3;n_de_folletos</subfield>
    <subfield code="a">ATENEOM</subfield>
    <subfield code="b">ATENEOM</subfield>
    <subfield code="c">DEPOF</subfield>
    <subfield code="d">2008-01-17</subfield>
    <subfield code="e">SC</subfield>
    <subfield code="l">0</subfield>
    <subfield code="o">2043-F-24</subfield>
    <subfield code="p">1145809</subfield>
    <subfield code="r">2023-02-23 00:00:00</subfield>
    <subfield code="w">2023-02-23</subfield>
    <subfield code="y">FOLLETOS</subfield>
  </datafield>
</record>
